000 00285nam a22001217a 4500
008 170608b xxu||||| |||| 00| 0 eng d
041 _aeng
080 _a327
100 _a17
101 _aSHP
245 _aTHE LOGIC OF IMAGES IN INTERNATIONAL RELATIONS
_cJERVIS, R
942 _2udc
_cBK
999 _c16533
_d16533